书目信息 |
| 题名: |
传统节日与文化空间
|
|
| 作者: | 金宏图 , 李萍 主编 ;中国民俗学会 , 北京民俗博物馆 编 | |
| 分册: | ||
| 出版信息: | 北京 学苑出版社 2007 |
|
| 页数: | 297页 | |
| 开本: | 23cm | |
| 丛书名: | ||
| 单 册: | ||
| 中图分类: | K891.1-53 | |
| 科图分类: | ||
| 主题词: | 节日--风俗习惯--世界--文集 , 节日 , 风俗习惯 | |
| 电子资源: | ||
| ISBN: | 978-7-5077-2911-5 | |
| 000 | 01299nam0 2200301 450 | |
| 001 | 1240498016 | |
| 005 | 20121013111532.73 | |
| 010 | @a978-7-5077-2911-5@dCNY48.00 | |
| 100 | @a20070327d2007 em y0chiy50 ea | |
| 101 | 0 | @achi |
| 102 | @aCN@b110000 | |
| 105 | @aa z 000yy | |
| 200 | 1 | @a传统节日与文化空间@Achuan tong jie ri yu wen hua kong jian@e“东岳论坛”国际学术研讨会专辑@f金宏图,李萍主编@g中国民俗学会,北京民俗博物馆编 |
| 210 | @a北京@c学苑出版社@d2007 | |
| 215 | @a297页@c照片@d23cm | |
| 300 | @a第三届东岳论坛文集 | |
| 330 | @a本书分“传统节日与文化空间”、“文化空间与社会生活的公共性”和“中国传统节日保护的现实问题”三部分,从对文化空间概念的阐释、文化空间的主体与实践、文化空间的“民俗主义”问题、文化空间与遗产保护和节日的空间表现与结构特征等角度探讨了当前节日研究的热点问题。 | |
| 517 | 1 | @a“东岳论坛”国际学术研讨会专辑@A“ dong yue lun tan ” guo ji xue shu yan tao hui zhuan ji |
| 606 | 0 | @a节日@x风俗习惯@y世界@j文集 |
| 606 | 0 | @a节日 |
| 606 | 0 | @a风俗习惯 |
| 690 | @aK891.1-53@v4 | |
| 701 | 0 | @a金宏图@Ajin hong tu@4主编 |
| 701 | 0 | @a李萍@Ali ping@c(民俗文化)@4主编 |
| 712 | 02 | @a中国民俗学会@Azhong guo min su xue hui@4编 |
| 712 | 02 | @a北京民俗博物馆@Abei jing min su bo wu guan@4编 |
| 801 | 0 | @aCN@bNLC@c20101222 |
| 905 | @a10447@dK891.1-53@eJY58 | |
| 传统节日与文化空间:“东岳论坛”国际学术研讨会专辑/金宏图,李萍主编/中国民俗学会,北京民俗博物馆编.-北京:学苑出版社,2007 |
| 297页:照片;23cm |
| 第三届东岳论坛文集 |
| ISBN 978-7-5077-2911-5:CNY48.00 |
| 本书分“传统节日与文化空间”、“文化空间与社会生活的公共性”和“中国传统节日保护的现实问题”三部分,从对文化空间概念的阐释、文化空间的主体与实践、文化空间的“民俗主义”问题、文化空间与遗产保护和节日的空间表现与结构特征等角度探讨了当前节日研究的热点问题。 |
| ● |
| 相关链接 |
|
|
|
|
正题名:传统节日与文化空间
索取号:K891.1-53/JY58
 
预约/预借
| 序号 | 登录号 | 条形码 | 馆藏地/架位号 | 状态 | 备注 |
| 1 | 7826137 | 278261373 | 学院路分馆/ [索取号:K891.1-53/JY58] | 在馆 | |
| 2 | 7826138 | 278261382 | 学院路分馆/ [索取号:K891.1-53/JY58] | 在馆 |